<?xml version="1.0" encoding="UTF-8"?>
<collection xmlns="http://www.loc.gov/MARC21/slim">
 <record>
  <leader>01473nam a2200205Ia 4500</leader>
  <controlfield tag="001">CTU_91738</controlfield>
  <controlfield tag="008">210402s9999    xx            000 0 und d</controlfield>
  <datafield tag="020" ind1=" " ind2=" ">
   <subfield code="c">52000</subfield>
  </datafield>
  <datafield tag="082" ind1=" " ind2=" ">
   <subfield code="a">001</subfield>
  </datafield>
  <datafield tag="082" ind1=" " ind2=" ">
   <subfield code="b">M458/T.4</subfield>
  </datafield>
  <datafield tag="110" ind1=" " ind2=" ">
   <subfield code="a">Nhiều tác giả</subfield>
  </datafield>
  <datafield tag="245" ind1=" " ind2="0">
   <subfield code="a">Một góc nhìn của trí thức</subfield>
  </datafield>
  <datafield tag="245" ind1=" " ind2="0">
   <subfield code="c">Nhiều tác giả</subfield>
  </datafield>
  <datafield tag="260" ind1=" " ind2=" ">
   <subfield code="a">Tp. Hồ Chí Minh</subfield>
  </datafield>
  <datafield tag="260" ind1=" " ind2=" ">
   <subfield code="b">Trẻ</subfield>
  </datafield>
  <datafield tag="260" ind1=" " ind2=" ">
   <subfield code="c">2005</subfield>
  </datafield>
  <datafield tag="520" ind1=" " ind2=" ">
   <subfield code="a">Một Góc Nhìn Của Tri Thức không đơn thuần chỉ là cập nhật thông tin trên nhiều lĩnh vực khoa học tự nhiên và khoa học xã hội mà quan trọng hơn, chúng ta còn được làm quen với tầm nhìn, sự suy nghĩ - đôi khi cũng là sự ưu tư, trăn trở, cảnh báo của các tác giả vốn không phải là nhà báo chuyên nghiệp nhưng lại là những tri thức đầu đàn, nổi tiếng trong và ngoài nước hoặc những quan chức có trách nhiệm trong bộ máy lãnh đạo nhà nước.  Dầu không hẳn tất cả các phát biểu của giới tri thức đều đã chỉnh chu nhưng chí ít, cũng đã và đang thể hiện một tích cực trong tính đồng bộ của sự nghiệp đổi mới.</subfield>
  </datafield>
  <datafield tag="650" ind1=" " ind2=" ">
   <subfield code="a">Knowledge</subfield>
  </datafield>
  <datafield tag="904" ind1=" " ind2=" ">
   <subfield code="i">Mai Loan</subfield>
  </datafield>
  <datafield tag="980" ind1=" " ind2=" ">
   <subfield code="a">Trung tâm Học liệu Trường Đại học Cần Thơ</subfield>
  </datafield>
 </record>
</collection>
